| 000 | 00503nam a22001697a 4500 | ||
|---|---|---|---|
| 999 |
_c4001 _d4001 |
||
| 003 | OSt | ||
| 005 | 20181127182419.0 | ||
| 008 | 181127b ||||| |||| 00| 0 eng d | ||
| 040 | _cDLC | ||
| 082 |
_a232.1 _bS685J |
||
| 100 | _aMcCall, Reba Randolph; | ||
| 245 |
_aA Few Notes and Scriptures on Jesus and His Name/ _bHis doctrine of Regeneration and the Authority of the Apostles/ |
||
| 260 |
_aTexas; _bBradford Printing Company; _cc1947 |
||
| 300 |
_a52p,; _c19cm |
||
| 650 | _2Christ | ||
| 942 |
_2ddc _cBK |
||